Norweskie Litery - Statystyki

Ogólne statystyki
  • Ten quiz został rozwiązany 60 razy
  • Średni wynik to 28 z 29
Statystyki odpowiedzi
Hint Odpowiedź % Poprawnych
a a
100%
b b
98%
c c
98%
d d
98%
e e
98%
f f
98%
g g
98%
h h
98%
i i
98%
j j
96%
k k
96%
l l
96%
m m
96%
n n
96%
o o
96%
p p
96%
q q
96%
r r
96%
s s
96%
t t
96%
u u
96%
v v
96%
w w
96%
x x
96%
y y
96%
z z
96%
æ æ
92%
å å
88%
ø ø
88%
Nie znaleziono quizów pasujących do podanych kryteriów
Rozkład punktacji
Procent ludzi z każdym wynikiem
Percentyl według liczby udzielonych odpowiedzi
Twoja historia wyników
Nie rozwiązałeś tego quizu